Fulla deťom

Bibliographic Details
Main Author: Fulla, Ľudovít, 1902-1980 (Author, Illustrator, gup)
Other Authors: Dašková, Kveta, 1935-2021 (gup)
Format: Book
Language:Slovak
Published: Bratislava Mladé letá 1979
Edition:2. vyd.
Subjects:

MARC

LEADER 00000cam a2200000 a 4500
001 vtls001114649
003 SK-MaSNL
005 20260302064306.0
008 240226s1979 xo a jr 000 p slo
015 |a SNBA1979 
020 |q (viazané) 
035 |a SNK000057492 
035 |a 6EEEDA70-E8EF-495D-BD8C-38521761497C 
035 |a urn:nbn:sk:snk-am00idth 
040 |a SNK  |b slo  |c SNK  |e AACR2 
041 0 |a slo 
044 |a xo  |c SK 
072 7 |a 821.162.4-1  |x Slovenská poézia  |2 konspekt 
080 |a 821.162.4-1  |2 2011 
080 |a 82-1-053.2  |2 2011 
100 1 |a Fulla, Ľudovít,  |d 1902-1980  |4 aut  |4 ill  |9 14872 
245 1 0 |a Fulla deťom  |c Ľudovít Fulla ; [text a ilustrácie Ľudovít Fulla] 
250 |a 2. vyd. 
260 |a Bratislava  |b Mladé letá  |c 1979 
300 |a 26 strán, [11] nečíslovaných strán obrazových príloh  |b farebné ilustrácie  |c 21 x 22 cm 
366 |e 17500 kusov 
500 |a Ilustrácie na frontispice 
521 1 |a Pre najmenších čitateľov 
655 7 |a poézia pre deti a mládež  |2 SNKPH  |9 184063 
655 7 |a slovenská poézia  |2 SNKPH  |9 70444 
700 1 |a Fulla, Ľudovít,  |d 1902-1980  |4 gup  |9 14872 
700 1 |a Dašková, Kveta,  |d 1935-2021  |4 gup  |9 219392 
852 |a Slovenská národná knižnica 
954 |a beletria pôvodná (slovenská)  |2 lita 
958 |a RK 
958 |a TL 
958 |a DB 
958 |a LX 
958 |a OND 
958 |a EUIPO 
999 |c 1136851  |d 1138781 
952 |t P60, <03>, [BOOK], {603}  |a SNK  |b SNK  |y PREZ  |7 0  |p 17A0245298  |o snkSC 45928  |i snkKSP 1991/79  |0 0  |1 0  |4 0  |d 2000-07-06  |f 1  |l 0  |r 2025-10-28 00:00:00  |w 2026-02-24 
952 |t P60, <05>, [BOOK], {605}  |a SNK  |b SNK  |y PREZ  |7 0  |p 17A0157117  |o snkSC 45928 D1  |0 0  |1 0  |4 0  |d 1998-08-28  |l 0  |r 2004-12-31 00:00:00  |w 2026-02-24